000 01107nam a22002657a 4500
005 20170124103039.0
010 _aA-829677
020 _c90.00
035 _aA-829677
037 _bCen Lib/Ret
040 _aDPL
_bHN
082 _a
_bसरना
100 _aसरना, महिंदर सिंह
_93639
245 _aहीरामृग /
_cमहिंदर सिंह सरना; अनुवादक सुरजीत
246 _aHiramriga /
_bby Mahinder Singh Sarna ; anuvadak Surjit
260 _aनयी दिल्ली
_bभारतीय ज्ञानपीठ
_c1996
270 _a18, इंस्टीट्युशनल एरिया, लोधी रोड
_bनयी दिल्ली
_e110003
300 _ax,166पृ.
_c21सेमी (सजिल्द)
_b
650 _aपंजाबी साहित्य
_966617
650 _aकहानी संग्रह
_966618
650 _aPunjabi literature
_9781
650 _aStories
_97500
700 _aसुरजीत
_9500
942 _2ddc
_cHN
_h
_mसरना
999 _c116454
_d116454